LIBRARY & INFORMATION CENTRE, KCAET, TAVANUR

ONLINE PUBLIC ACCESS CATALOGUE (OPAC)

Alpam karachil adhikam chiri / (Record no. 12601)

MARC details
000 -LEADER
fixed length control field 00443cam a2200181ua 4500
041 ## - LANGUAGE CODE
Language code of text/sound track or separate title mal
082 ## - DEWEY DECIMAL CLASSIFICATION NUMBER
Classification number 894.812301
Item number GOV/AL
100 ## - MAIN ENTRY--AUTHOR NAME
Personal name Govindamenon, K T .
245 ## - TITLE STATEMENT
Title Alpam karachil adhikam chiri /
250 ## - EDITION STATEMENT
Edition statement 1 /
260 ## - PUBLICATION, DISTRIBUTION, ETC. (IMPRINT)
Place of publication Calicut :
Name of publisher P K Brothers ,
Year of publication 1959.
300 ## - PHYSICAL DESCRIPTION
Number of Pages 92 ; .
942 ## - ADDED ENTRY ELEMENTS (KOHA)
Koha item type Books
Holdings
Withdrawn status Lost status Damaged status Home library Current library Date acquired Full call number Accession Number Koha item type
      KAUAET KAUAET 07/04/2012 894.812301 1502 Books
free website counter